000 00582nam a2200157 i 4500
001 60221
003 ES-MaACL
005 20230906164200.0
007 t|
008 031103s1916 sp ||||1| spa d
100 1 _aEscribano y García, Víctor.
_947645
245 1 0 _aDatos para la Historia de la Anatomía y Cirugía españolas en los siglos XVIII y XIX
_b: discurso leido en la inauguración del curso de 1916-1917 en la Universidad de Granada /
_cVictor Escribano y García.
260 _aGranada :
_b[s.n.,
_c1916]
300 _a112 p. ;
_c29 cm.
852 _aES-MaACL
_j1536-F-6
999 _c60221
_d60221